00660nam a2200193Ia 4500952013500000999001500135003000400150005001700154008004100171020001800212040000900230082001800239100002800257245006900285260004700354300000900401650001400410942004200424 00102ddc40708CHEMISTRYaMESbMEScCHEd2019-02-20g662.00l0o541.35 WAY/Pp18003r2019-02-20 00:00:00w2019-02-20yBKzGL27R1 c2715d2715OSt20200820124215.0190216s9999||||xx |||||||||||||| ||und|| a9780198552338 coclc a541.35bWAY/P aWayne, Richard P 94236 0aPrinciples And Applications Of Photochemistry /cRichard P Wayne bOxford University Press,c1988.aNew York: a268p aChemistry cBK2ddch541.35iWAY/Pk541.35mWAY/P